[Event "ROM-ch blitz"]
[Site "Bucharest"]
[Date "2022.03.13"]
[Round "3"]
[White "Sava, Robert Gabriel"]
[Black "Neagu, Liviu"]
[Result "0-1"]
[WhiteElo "1634"]
[BlackElo "1991"]
[PlyCount "76"]
[EventDate "2022.03.13"]
[EventType "swiss (blitz)"]
[EventRounds "9"]
[EventCountry "ROU"]
[SourceTitle "EXT 2023"]
[Source "ChessBase"]
[SourceDate "2022.10.05"]
[SourceVersion "1"]
[SourceVersionDate "2022.10.05"]
[SourceQuality "1"]

1. e4 c5 2. Nf3 Nc6 3. d4 cxd4 4. Nxd4 e5 5. Nb5 d6 6. N1c3 a6 7. Na3 b5 8. Nd5 Be7 9. c3 Nf6 10. f3 0-0 11. Be3 Rb8 12. Nc2 Be6 13. Be2 Nh5 14. 0-0 Bg5 15. Qd2 h6 16. Bxg5 hxg5 17. Nce3 Nf4 18. Nxf4 gxf4 19. Nc2 d5 20. exd5 Qxd5 21. Qxd5 Bxd5 22. Rfe1 Rbd8 23. a4 bxa4 24. Nb4 Nxb4 25. cxb4 Bb3 26. Bxa6 Rd5 27. Bb7 Rd2 28. Rxe5 Rxb2 29. Ba6 Rd8 30. Bf1 Ra8 31. b5 a3 32. Re2 Rxe2 33. Bxe2 a2 34. Kf2 Kf8 35. Ke1 Rd8 36. Bf1 Rd1+ 37. Rxd1 Bxd1 38. b6 a1Q 0-1

[Event "ROM-ch Rapid"]
[Site "Bucharest"]
[Date "2022.03.12"]
[Round "5"]
[White "Capragiu, Matei Stefan"]
[Black "Neagu, Liviu"]
[Result "0-1"]
[WhiteElo "1902"]
[BlackElo "2004"]
[PlyCount "50"]
[EventDate "2022.03.11"]
[EventType "swiss (rapid)"]
[EventRounds "9"]
[EventCountry "ROU"]
[SourceTitle "CBM 207 Extra"]
[Source "ChessBase"]
[SourceDate "2022.05.31"]
[SourceVersion "1"]
[SourceVersionDate "2022.05.31"]
[SourceQuality "1"]

1. d4 Nf6 2. c4 g6 3. Nc3 Bg7 4. e4 d6 5. f3 0-0 6. Be3 e5 7. d5 a5 8. Nge2 Ne8 9. g4 Na6 10. Ng3 Nc5 11. Qd2 Bd7 12. 0-0-0 a4 13. Kb1 b6 14. h4 f5 15. gxf5 gxf5 16. exf5 Rxf5 17. Be2 Kh8 18. Nce4 Rf8 19. Nh5 Bf5 20. Nhg3 Qd7 21. h5 Bf6 22. Ka1 Nb3+ 23. axb3 axb3+ 24. Kb1 Qa4 25. Qc3 Qa5 0-1

[Event "ROM-ch Rapid"]
[Site "Bucharest"]
[Date "2022.03.12"]
[Round "7"]
[White "Coicev, Matei Andrei"]
[Black "Neagu, Liviu"]
[Result "1-0"]
[WhiteElo "1970"]
[BlackElo "2004"]
[PlyCount "88"]
[EventDate "2022.03.11"]
[EventType "swiss (rapid)"]
[EventRounds "9"]
[EventCountry "ROU"]
[SourceTitle "CBM 207 Extra"]
[Source "ChessBase"]
[SourceDate "2022.05.31"]
[SourceVersion "1"]
[SourceVersionDate "2022.05.31"]
[SourceQuality "1"]

1. e4 e5 2. Bc4 Nc6 3. Nf3 Bc5 4. c3 Nf6 5. d4 exd4 6. cxd4 Bb4+ 7. Bd2 Bxd2+ 8. Nbxd2 d5 9. exd5 Nxd5 10. 0-0 0-0 11. Rc1 Nb6 12. Bb3 Bg4 13. h3 Bh5 14. Rc5 Bg6 15. Qc1 Rc8 16. Qc3 Qd6 17. Rc1 Rfd8 18. Nc4 Nxc4 19. Qxc4 h6 20. Ne5 Nxd4 21. Nxf7 Ne2+ 22. Qxe2 Bxf7 23. Bxf7+ Kxf7 24. Qf3+ Kg8 25. Qxb7 Rb8 26. Qxc7 Rxb2 27. Qxa7 Qd4 28. Rf1 Rf8 29. Rc7 Qxa7 30. Rxa7 Rc8 31. a4 Ra2 32. Re1 Rc6 33. Re4 Kh7 34. Rg4 Rg6 35. Rxg6 Kxg6 36. g3 h5 37. h4 Kf6 38. Kg2 Ra3 39. a5 g5 40. hxg5+ Kxg5 41. Ra8 h4 42. gxh4+ Kxh4 43. a6 Kg4 44. a7 Rxa7 1-0

[Event "ROM-ch Rapid"]
[Site "Bucharest"]
[Date "2022.03.12"]
[Round "6"]
[White "Neagu, Liviu"]
[Black "Manolache, Marius"]
[Result "0-1"]
[WhiteElo "2004"]
[BlackElo "2485"]
[PlyCount "73"]
[EventDate "2022.03.11"]
[EventType "swiss (rapid)"]
[EventRounds "9"]
[EventCountry "ROU"]
[SourceTitle "CBM 207 Extra"]
[Source "ChessBase"]
[SourceDate "2022.05.31"]
[SourceVersion "1"]
[SourceVersionDate "2022.05.31"]
[SourceQuality "1"]

1. e4 c5 2. c4 e6 3. Nc3 a6 4. g3 Nc6 5. Bg2 b5 6. d3 Rb8 7. Nge2 h5 8. h3 Nf6 9. f4 b4 10. Nb1 e5 11. Be3 d6 12. Nd2 Be7 13. Nf3 Nd7 14. 0-0 Bf6 15. Qd2 Nd4 16. Nexd4 cxd4 17. Bf2 Nc5 18. Rae1 Qa5 19. b3 Qc7 20. Qe2 Ne6 21. Qd2 a5 22. f5 Nc5 23. g4 hxg4 24. hxg4 Bd8 25. Rb1 Bb7 26. Rfe1 Bc6 27. Nxd4 exd4 28. Bxd4 Kf8 29. Rbd1 Rh4 30. Qf4 g5 31. fxg6 Ne6 32. Qf2 Rxg4 33. g7+ Kg8 34. Bb2 Nf4 35. Kf1 Nxg2 36. Qf5 Rh4 37. Qf3 0-1

[Event "ROM-chT"]
[Site "Mamaia"]
[Date "2021.10.10"]
[Round "11.1"]
[White "Ciorgovean, Iustin"]
[Black "Neagu, Liviu"]
[Result "1/2-1/2"]
[WhiteElo "2305"]
[BlackElo "1999"]
[PlyCount "68"]
[EventDate "2021.10.02"]
[EventType "team-tourn"]
[EventRounds "11"]
[EventCountry "ROU"]
[SourceTitle "CBM 204 Extra"]
[Source "ChessBase"]
[SourceDate "2021.11.30"]
[SourceVersion "1"]
[SourceVersionDate "2021.11.30"]
[SourceQuality "1"]
[WhiteTeam "Timisoara Vest Univ"]
[BlackTeam "Targoviste"]
[WhiteTeamCountry "ROU"]
[BlackTeamCountry "ROU"]

1. d4 Nf6 2. c4 g6 3. Nc3 Bg7 4. e4 d6 5. Nf3 0-0 6. Be2 e5 7. 0-0 Nc6 8. d5 Ne7 9. b4 a5 10. bxa5 Rxa5 11. a4 b6 12. Nd2 Ra8 13. Nb3 Bd7 14. Be3 Qc8 15. f3 Nh5 16. a5 bxa5 17. Nxa5 Nf4 18. c5 Nxe2+ 19. Qxe2 f5 20. c6 Be8 21. Nc4 fxe4 22. fxe4 Rxf1+ 23. Qxf1 h6 24. Nb5 Rxa1 25. Qxa1 Qb8 26. Qa6 Qd8 27. Qa5 Nxc6 28. dxc6 Bxc6 29. Nbxd6 Qd7 30. Nxe5 Bxe5 31. Qxe5 Qxd6 32. Qxd6 cxd6 33. Bf4 g5 34. Bxd6 Bxe4 1/2-1/2

[Event "ROM-chT"]
[Site "Mamaia"]
[Date "2021.10.02"]
[Round "1.5"]
[White "Neagu, Liviu"]
[Black "Filip, Andrei"]
[Result "0-1"]
[WhiteElo "1999"]
[BlackElo "2175"]
[PlyCount "80"]
[EventDate "2021.10.02"]
[EventType "team-tourn"]
[EventRounds "11"]
[EventCountry "ROU"]
[SourceTitle "CBM 204 Extra"]
[Source "ChessBase"]
[SourceDate "2021.11.30"]
[SourceVersion "1"]
[SourceVersionDate "2021.11.30"]
[SourceQuality "1"]
[WhiteTeam "Targoviste"]
[BlackTeam "Timisoara Medicina"]
[WhiteTeamCountry "ROU"]
[BlackTeamCountry "ROU"]

1. e4 c5 2. Nf3 e6 3. b3 d5 4. Bb5+ Nc6 5. exd5 exd5 6. 0-0 Nf6 7. Re1+ Be7 8. Ne5 Qc7 9. d4 0-0 10. Bf4 Nxd4 11. Ng6 Bd6 12. Bxd6 Qxd6 13. Ne7+ Kh8 14. Nxc8 Raxc8 15. Bd3 Rfe8 16. Rxe8+ Rxe8 17. Nd2 Qf4 18. h3 Ne4 19. Bxe4 dxe4 20. Nc4 Rd8 21. Ne3 Nf3+ 22. gxf3 Qg5+ 23. Kh2 Rxd1 24. Rxd1 exf3 25. Rd5 Qh4 26. Kg1 g6 27. Rxc5 Qxh3 28. Rg5 f5 29. Nf1 f4 30. Nh2 Kg7 31. c4 h6 32. Rg4 h5 33. Rg5 Kf6 34. Nxf3 Qxf3 35. Rd5 Qh3 36. f3 Qxf3 37. Rd6+ Kf5 38. Rd5+ Kg4 39. Rd6 Kh3 40. Rxg6 Qe2 0-1

[Event "ROM-chT div-A"]
[Site "Mamaia"]
[Date "2019.09.27"]
[Round "7.1"]
[White "Fluerariu, Radu Cristian"]
[Black "Neagu, Liviu"]
[Result "1/2-1/2"]
[WhiteElo "2091"]
[BlackElo "2054"]
[PlyCount "112"]
[EventDate "2019.09.21"]
[EventType "team-tourn"]
[EventRounds "9"]
[EventCountry "ROU"]
[SourceTitle "EXT 2020"]
[Source "ChessBase"]
[SourceDate "2019.10.17"]
[SourceVersion "1"]
[SourceVersionDate "2019.10.17"]
[SourceQuality "1"]
[WhiteTeam "Ineu"]
[BlackTeam "Targoviste University"]
[WhiteTeamCountry "ROU"]
[BlackTeamCountry "ROU"]

1. c4 e5 2. Nc3 Nc6 3. g3 Bc5 4. Bg2 Nf6 5. d3 d6 6. Nf3 h6 7. 0-0 a5 8. a3 0-0 9. Rb1 Bd7 10. Bd2 Qc8 11. Qc1 Kh7 12. Nd5 Nxd5 13. cxd5 Nd4 14. Nxd4 exd4 15. Bxa5 Re8 16. b4 Rxe2 17. bxc5 Rxa5 18. cxd6 cxd6 19. Qxc8 Bxc8 20. Rfc1 Bf5 21. Rxb7 Rxa3 22. Rxf7 Bxd3 23. Bf1 Re5 24. Bxd3+ Rxd3 25. Rcc7 Rg5 26. h4 Rg4 27. Kg2 Rc3 28. Rxc3 dxc3 29. Rc7 Rd4 30. Rxc3 Rxd5 31. Kf3 Kg6 32. Ke4 Re5+ 33. Kd4 Kf6 34. Rc8 Re2 35. Rf8+ Ke7 36. Rf3 Rd2+ 37. Ke4 Ke6 38. Rf4 Ra2 39. Rf8 Ra4+ 40. Ke3 h5 41. Re8+ Kf7 42. Rd8 Ke7 43. Rg8 Rg4 44. Rh8 g6 45. Rg8 Kf6 46. Rd8 Ke6 47. Re8+ Kd5 48. Rg8 Re4+ 49. Kd3 Re6 50. Rf8 Kc5 51. Rc8+ Kd5 52. Rf8 Ke5 53. f4+ Kd5 54. Rg8 Kc5 55. Rc8+ Kd5 56. Rg8 Kc5 1/2-1/2

[Event "ROM-ch"]
[Site "Olanesti"]
[Date "2018.05.18"]
[Round "5"]
[White "Pop, Alexandru"]
[Black "Neagu, Liviu"]
[Result "1-0"]
[WhiteElo "2302"]
[BlackElo "2025"]
[PlyCount "82"]
[EventDate "2018.05.14"]
[EventType "swiss"]
[EventRounds "9"]
[EventCountry "ROU"]
[SourceTitle "CBM 184 Extra"]
[Source "ChessBase"]
[SourceDate "2018.06.28"]
[SourceVersion "1"]
[SourceVersionDate "2018.06.28"]
[SourceQuality "1"]

1. e4 c5 2. Nf3 Nc6 3. Bb5 g6 4. Bxc6 bxc6 5. 0-0 Nf6 6. Re1 Bg7 7. e5 Nd5 8. c4 Nc7 9. d4 cxd4 10. Qxd4 Ne6 11. Qh4 d5 12. exd6 exd6 13. Bg5 Qa5 14. Nc3 0-0 15. Be7 d5 16. cxd5 cxd5 17. Bb4 Qd8 18. Bxf8 Qxh4 19. Nxh4 Kxf8 20. Nxd5 Bxb2 21. Rab1 Bg7 22. Nf3 Ba6 23. Ne5 Rd8 24. Nb4 Bxe5 25. Nxa6 Bd4 26. Rb8 Rxb8 27. Nxb8 Kg7 28. Nc6 Bc5 29. Rd1 Nf8 30. Rd8 Ne6 31. Rd7 Ng5 32. Nxa7 Ne4 33. Kf1 Nxf2 34. a4 Kf6 35. Nb5 Ke6 36. Rc7 Ne4 37. a5 Kd5 38. a6 Bb6 39. a7 Bxa7 40. Rxa7 Ke6 41. Nd4+ Kd5 1-0

[Event "ROM-ch"]
[Site "Olanesti"]
[Date "2018.05.17"]
[Round "4"]
[White "Neagu, Liviu"]
[Black "Cotruta, Alexandru Mihai"]
[Result "1-0"]
[WhiteElo "2025"]
[BlackElo "1776"]
[PlyCount "81"]
[EventDate "2018.05.14"]
[EventType "swiss"]
[EventRounds "9"]
[EventCountry "ROU"]
[SourceTitle "CBM 184 Extra"]
[Source "ChessBase"]
[SourceDate "2018.06.28"]
[SourceVersion "1"]
[SourceVersionDate "2018.06.28"]
[SourceQuality "1"]

1. b4 c6 2. Nf3 Qb6 3. a3 a5 4. bxa5 Qxa5 5. e3 e5 6. Be2 e4 7. Nd4 Nf6 8. Bb2 d5 9. 0-0 Bd6 10. d3 Qc7 11. h3 Nbd7 12. c4 dxc4 13. dxe4 Nxe4 14. Bxc4 Ne5 15. Be2 0-0 16. Qc2 f5 17. Nc3 Qe7 18. Nxe4 fxe4 19. Qxe4 Bd7 20. a4 Qg5 21. f4 Qg3 22. fxe5 Bxe5 23. Rf3 Rxf3 24. Bxf3 Bxh3 25. Bc3 Rf8 26. Ra2 c5 27. Nb5 Qh2+ 28. Kf1 Bg3 29. Qd5+ Kh8 30. gxh3 Qh1+ 31. Ke2 Qg1 32. Kd3 Qb1+ 33. Ke2 Qg1 34. Rb2 c4 35. Nd4 Qf2+ 36. Kd1 Qxe3 37. Qxc4 Bf4 38. Bd2 Qa3 39. Rxb7 Qa1+ 40. Kc2 Be5 41. Bc3 1-0